साम्प्रदायिक सदभाव की कहानियां / (Record no. 116606)

MARC details
000 -LEADER
fixed length control field 01063nam a22002537a 4500
005 - DATE AND TIME OF LATEST TRANSACTION
control field 20170124103041.0
010 ## - LIBRARY OF CONGRESS CONTROL NUMBER
LC control number B-066131
020 ## - INTERNATIONAL STANDARD BOOK NUMBER
Terms of availability 150.00
International Standard Book Number 8173151628
035 ## - SYSTEM CONTROL NUMBER
System control number B-066131
037 ## - SOURCE OF ACQUISITION
Source of stock number/acquisition Cen Lib/Ret
040 ## - CATALOGING SOURCE
Original cataloging agency DPL
Language of cataloging HN
082 ## - DEWEY DECIMAL CLASSIFICATION NUMBER
Classification number
Item number साम्प्रदा
245 ## - TITLE STATEMENT
Title साम्प्रदायिक सदभाव की कहानियां /
Statement of responsibility, etc संपादक गिरिराज शरण
246 ## - VARYING FORM OF TITLE
Title proper/short title Sampradayik sadbhav ki kahaniyan /
Remainder of title sampadak Giriraj sharan
260 ## - PUBLICATION, DISTRIBUTION, ETC. (IMPRINT)
Place of publication, distribution, etc नयी दिल्ली
Name of publisher, distributor, etc प्रभात प्रकाशन
Date of publication, distribution, etc 2002
270 ## - ADDRESS
City नयी दिल्ली
Address 4/19, असफ अली रोड,
Postal code 110002
300 ## - PHYSICAL DESCRIPTION
Extent 159पृ.
Dimensions 21सेमी (सजिल्द)
650 ## - SUBJECT ADDED ENTRY--TOPICAL TERM
Topical term or geographic name as entry element हिन्दी साहित्य
9 (RLIN) 67366
650 ## - SUBJECT ADDED ENTRY--TOPICAL TERM
Topical term or geographic name as entry element कहानियां
9 (RLIN) 67367
650 ## - SUBJECT ADDED ENTRY--TOPICAL TERM
Topical term or geographic name as entry element Hindi literature
9 (RLIN) 67368
650 ## - SUBJECT ADDED ENTRY--TOPICAL TERM
Topical term or geographic name as entry element Stories
9 (RLIN) 7500
700 ## - ADDED ENTRY--PERSONAL NAME
Personal name शरण, गिरिराज
9 (RLIN) 43761
942 ## - ADDED ENTRY ELEMENTS (KOHA)
Source of classification or shelving scheme Dewey Decimal Classification
Koha item type Hindi Books
Classification part
Call number suffix साम्प्रदा
Holdings
Withdrawn status Lost status Damaged status Not for loan Home library Current library Date acquired Source of acquisition Cost, normal purchase price Total Checkouts Full call number Barcode Date last seen Copy number Cost, replacement price Price effective from Koha item type
        Central Library Central Library 25/08/2015 Cen Lib/Ret 150.00   क साम्प्रदा B-066131 25/08/2015 1 150.00 25/08/2015 Hindi Books

© Delhi Public Library
Hit Counter
free hit counter